Philadelphia 76ers Triple Double - Statistics

General Stats
  • This quiz has been taken 66 times
    8 since last reset
  • The average score is 14 of 34
Answer Stats
Player Nb Last % Correct
Joel Embiid 9 2026
88%
Allen Iverson 1 2002
75%
Andre Iguodala 8 2012
75%
Ben Simmons 32 2021
75%
Charles Barkley 10 1990
75%
James Harden 7 2023
75%
Tobias Harris 1 2021
75%
Tyrese Maxey 1 2024
75%
Julius Erving 1 1979
63%
Michael Carter-Williams 5 2015
63%
Wilt Chamberlain 62 1968
63%
Billy Cunningham 13 1975
50%
Dolph Schayes 3 1960
50%
Hal Greer 1 1965
50%
Jrue Holiday 2 2013
50%
Maurice Cheeks 1 1988
50%
Dikembe Mutombo 1 2001
38%
Aaron McKie 2 2001
25%
Clarence Weatherspoon 1 1994
25%
Eric Snow 1 2003
25%
Hersey Hawkins 1 1993
25%
Toni Kukoč 1 2000
25%
Trendon Watford 1 2025
25%
Andre Miller 3 2009
13%
Andrew Toney 1 1985
13%
Dana Barros 1 1995
13%
George McGinnis 5 1976
13%
Larry Costello 3 1961
13%
Markelle Fultz 1 2018
13%
Paul Seymour 1 1955
13%
Red Kerr 1 1957
13%
Tony Wroten 1 2013
13%
Darrall Imhoff 1 1969
0%
T.J. McConnell 1 2018
0%
No matching quizzes found
Score Distribution
Percent of People with Each Score
Percentile by Number Answered
Your Score History
You have not taken this quiz since the last reset